| 000 | 01528nam a22004457a 4500 | ||
|---|---|---|---|
| 003 | OSt | ||
| 005 | 20260331105334.0 | ||
| 007 | ta | ||
| 008 | 260331s2025 ag ||||| |||| 00| 0 spa d | ||
| 020 | _a9789873052460 | ||
| 040 | _ccj catamarca | ||
| 245 | 1 | 0 |
_aRevista de derecho procesal penal 2025-1: _bLa funcion de las partes acusadoras en el proceso penal II |
| 250 | _a1º ed. | ||
| 260 |
_aSanta Fe: _bRubinzal Culzoni, _c2025 |
||
| 300 |
_a680 p. _c23 cm |
||
| 500 | _aINVENTARIO Nº 8127 | ||
| 650 | 7 | _2SAIJ | |
| 653 | _aPRUEBA-PROCESO ALEMAN | ||
| 653 | _aAUXILIAR-FISCAL-ROL | ||
| 653 | _aREDES SOCIALES-IDENTIFICACION DE PERSONA | ||
| 653 | _aREDES SOCIALES-RECONOCIMIENTO-IMAGEN | ||
| 653 | _aSISTEMA ACUSATORIO ADVERSARIAL-AUDITORIA | ||
| 653 | _aMINISTERIO PUBLICO FISCAL-CONTROL DE ACTUACION | ||
| 653 | _aPRINCIPIO DE OPORTUNIDAD | ||
| 653 | _aLEY 21.694-CCPENAL-CHILE | ||
| 653 | _aCASO "CHACON" | ||
| 653 | _aOMISION LEGISLATIVA-REVISION | ||
| 653 | _aGRAVAMEN IRREPARABLE | ||
| 653 | _aDEFENSA ANTICIPADA | ||
| 653 | _aCASO "LEVINAS" | ||
| 653 | _aCASO "RUIZ ROQUE" | ||
| 653 | _aESCRIBANO-PRESCRIPCION PENAL | ||
| 653 | _aSUSPENSION DEL JUICIO A PRUEBA-VIOLENCIA DE GENERO | ||
| 653 | _aCASO "GONGORA" | ||
| 653 | _aRECURSO DE REVISION-LIBERTAD PROVISIONAL | ||
| 700 | 0 |
_917 _aDonna, Egardo A. _edirector |
|
| 700 | 1 | 0 |
_9137 _aLedesma, Angela E. _edirectora |
| 856 | _uhttps://drive.google.com/file/d/1mQkapw3Hgr_5XgXvCqaFqmK0j3S2-ieG/view?usp=sharing | ||
| 942 |
_2ddc _cBK _n0 |
||
| 999 |
_c6509 _d6509 |
||